000 00638nam a2200229Ia 4500
003 OSt
005 20221007081519.0
006 a|||||r|||| 00| 0
007 ta
008 221006b |||||||| |||| 00| 0 eng d
024 _a18,524
037 _cTextual
040 _aFLL
_cFLL
_beng
041 _2eng
_aeng
082 _aZ2,2150aX:271, L9
100 _aBarkenbus Jack N.
_9697441
245 0 _aDeep seabed resources politics and technology
260 _aNew York
_bThe Free Press USA
_c1979
300 _a191p
_ccm.
942 _hZ2,2150aX:271, L9
_cTEXL
_2CC
999 _c1163288
_d1163288